000 00758nam a2200265 a 4500
999 _c909
_d909
005 20200519152632.0
008 140224b1985 -Us||||| |||| 00| 0 eng d
040 _aCO-BoIAVH
_cCO-BoIAVH
041 _aeng
044 _axxu
082 _a333.958
090 _aLB
_b00897
100 _aGreta, Nilsson
_99770
245 _aImportation of birds into the United States 1980-1984
260 _aWashington
_bAnimal Welfare Institute
_c1985
300 _a2 vol.
650 _aAves
_9103028
650 _aEspecies introducidas
_9103029
650 _aMortalidad
_9103030
650 _aConservación de biodiversidad
_9103031
650 _aCITES
_92790
650 _aTráfico de especies
_96276
662 _aEstados Unidos de Norteamérica
942 _cLIBRO
_2z